| 000 | 00411nam a22001577a 4500 | ||
|---|---|---|---|
| 020 | _a1572318570 | ||
| 082 |
_222 _a005.133 |
||
| 100 | _aKniglinski, David J ...[et al.]. | ||
| 245 | _aProgramming microsoft visual C++ / | ||
| 250 | _a5th. | ||
| 260 |
_aUSA _bMicrosoft Press, _cc1998. |
||
| 300 |
_axxv, 1153p. ; _bill. ; _c24 cm. |
||
| 700 | _aShepherd, George | ||
| 700 | _aand Wingo, Scot. | ||
| 942 |
_2ddc _cIT |
||
| 999 |
_c1455 _d1455 |
||